| 000 | 00984nam a2200301Ia 4500 | ||
|---|---|---|---|
| 005 | 20230517111749.0 | ||
| 008 | 210716s2013 xx 000 0 und d | ||
| 020 | _a9788174464736 | ||
| 040 | _cAIMIT LIBRARY | ||
| 041 | _aeng | ||
| 082 |
_a343.07 _21 _bBANC |
||
| 100 |
_aBansal,C L. _9106341 |
||
| 245 |
_aBusiness and corporate laws / _cC L Bansal |
||
| 250 | _a1st ed. | ||
| 260 |
_aNew Delhi : _bExcel Books , _c2013. |
||
| 300 |
_avii ;835p. : _bPB : _c24 cm |
||
| 650 |
_aBusiness Law _9106342 |
||
| 650 |
_aContract Act. 1872 _9106343 |
||
| 650 |
_aThe Sale of Goods Act. 1930 _9106344 |
||
| 650 |
_aIndian Partnership Act, 1932 _9106345 |
||
| 650 |
_aThe Negotiable Instruments Act. 1881 _9106346 |
||
| 650 |
_aIndian Companies Act 1956 _9106347 |
||
| 650 |
_aThe Consumer Property Laws _9106348 |
||
| 650 |
_aIntellectual Property Laws _9106349 |
||
| 650 |
_aCopyright Act 1957 _9106350 |
||
| 650 |
_aTrade Mark Law _9106351 |
||
| 942 |
_2ddc _cBK _e1st _k343.07 BANC |
||
| 999 |
_c187112 _d187112 |
||